The dreams of Ada

Gespeichert in:  
Bibliographische Detailangaben
1. VerfasserIn: Mayer, Robert (Verfasst von)
Medienart: Druck Buch
Sprache:Nichtbestimmte Sprache
Veröffentlicht: New York [u.a.] Viking 1987
In:Jahr: 1987
Ausgabe:1. publ.
Bestand in Tübingen:In Tübingen vorhanden.
UB: KB 18 A 3031
Verfügbarkeit prüfen: HBZ Gateway
Subito Bestelldienst: Jetzt bestellen.

MARC

LEADER 00000cam a2200000 c 4500
001 1629431575
003 DE-627
005 20251225203736.0
007 tu
008 871124s1987 xx ||||| 00| ||und c
020 |a 0670810797  |9 0-670-81079-7 
035 |a (DE-627)1629431575 
035 |a (DE-576)013408364 
035 |a (DE-599)BSZ013408364 
035 |a (OCoLC)15053052 
040 |a DE-627  |b ger  |c DE-627  |e rakwb 
082 0 |a 345.73/02523 
082 0 |a 347.3052523 
100 1 |a Mayer, Robert  |4 aut 
245 1 4 |a The dreams of Ada 
250 |a 1. publ. 
264 1 |a New York [u.a.]  |b Viking  |c 1987 
300 |a 396 S.  |b Ill. 
336 |a Text  |b txt  |2 rdacontent 
337 |a ohne Hilfsmittel zu benutzen  |b n  |2 rdamedia 
338 |a Band  |b nc  |2 rdacarrier 
583 1 |a Archivierung prüfen  |c 20200919  |f DE-640  |z 1  |2 pdager 
951 |a BO 
ELC |b 1 
LOK |0 000 xxxxxcx a22 zn 4500 
LOK |0 001 3277239926 
LOK |0 003 DE-627 
LOK |0 004 1629431575 
LOK |0 005 19871124000000 
LOK |0 008 871124||||||||||||||||ger||||||| 
LOK |0 040   |a DE-21  |c DE-627  |d DE-21 
LOK |0 852   |a DE-21 
LOK |0 852 1  |c KB 18 A 3031  |9 00 
LOK |0 866   |x [Trials, murder] 
LOK |0 935   |a krim 
LOK |0 939   |a 24-11-87  |b l01 
ORI |a SA-MARC-krimdoka001.raw 
SIG |a UB: KB 18 A 3031